Sports Quiz

Random Sports or Numbers Quiz

Big 4 Sport Team Locations by First Letter Quiz Stats

 Plays Quiz Updated Jul 23, 2020

Support Sporcle.
Go Orange.
Score 0/21 Timer 03:00
0 Plays Today
Letter Team Location Name % Correct
BBaltimore Orioles, Baltimore Ravens, Boston Bruins, Boston Celtics, Boston Red Sox, Brooklyn Nets, Buffalo Bills, Buffalo Sabres
98%
DDallas Cowboys, Dallas Mavericks, Dallas Stars, Denver Broncos, Denver Nuggets, Detroit Lions, Detroit Pistons, Detroit Red Wings, Detroit Tigers
97.5%
CCalgary Flames, Carolina Hurricanes, Carolina Panthers, Charlotte Hornets, Chicago Bears, Chicago Blackhawks, Chicago Bulls, Chicago Cubs, Chicago White Sox, Cincinnati Bengals...
97.2%
AAnaheim Ducks, Arizona Cardinals, Arizona Coyotes, Arizona Diamondbacks, Atlanta Braves, Atlanta Falcons, Atlanta Hawks
96.4%
NNashville Predators, New England Patriots, New Jersey Devils, New Orleans Hornets, New Orleans Saints, New York Islanders, New York Jets, New York Knicks, New York Mets...
88%
SSacramento Kings, St. Louis Blues, St. Louis Cardinals, San Antonio Spurs, San Diego Padres, San Francisco 49ers, San Jose Sharks...
86%
PPhiladelphia Eagles, Philadelphia Flyers, Philadelphia Phillies, Philadelphia 76ers, Phoenix Suns, Pittsburgh Penguins, Pittsburgh Pirates, Pittsburgh Steelers, Portland Trail Blazers
85.4%
MMemphis Grizzlies, Miami Dolphins, Miami Marlins, Miami Heat, Milwaukee Brewers, Milwaukee Bucks, Minnesota Timberwolves, Minnesota Twins, Minnesota Wild, Minnesota Vikings, Montreal Canadiens
83.9%
TTampa Bay Buccaneers, Tampa Bay Lightning, Tampa Bay Rays, Tennessee Titans, Texas Rangers, Toronto Blue Jays, Toronto Maple Leafs, Toronto Raptors
82.4%
IIndiana Pacers and Indianapolis Colts
80.6%
WWashington Capitals, Washington Football Team, Washington Nationals, Washington Wizards, Winnipeg Jets
78.3%
Letter Team Location Name % Correct
JJacksonville Jaguars
78.2%
OOakland Athletics, Oklahoma City Thunder, Orlando Magic, Ottawa Senators
77.4%
LLas Vegas Raiders, Los Angeles Angels, Los Angeles Chargers, Los Angeles Clippers, Los Angeles Dodgers, Los Angeles Kings, Los Angeles Lakers, Los Angeles Rams
68.3%
EEdmonton Oilers
66.7%
FFlorida Panthers
65.5%
KKansas City Chiefs and Kansas City Royals
65.1%
HHouston Astros, Houston Rockets, Houston Texans
64.3%
UUtah Jazz
63.2%
GGolden State Warriors and Green Bay Packers
57.5%
VVancouver Canucks, Vegas Golden Knights
53.5%

You're not logged in!

Compare scores with friends on all Sporcle quizzes.
OR
Log In

From the Vault

2017/18 UCL Teams by Kits

by bortoluka

When it rains, they all get soaked in the same way.
Remove Ads.
Support Sporcle.
Get the best of Sporcle when you Go Orange. This ad-free experience offers more features, more stats, and more fun while also helping to support Sporcle. Thank you for becoming a member.

Show Comments

Extras

Top Quizzes Today


Score Distribution

Your Account Isn't Verified!

In order to create a playlist on Sporcle, you need to verify the email address you used during registration. Go to your Sporcle Settings to finish the process.

Report this User

Report this user for behavior that violates our Community Guidelines.

Details: